00635nam a2200217Ia 4500003000400000005001700004008004100021020001800062040001800080041000800098082002000106100002400126245006100150250001200211260006700223300002400290650003300314650002500347650002100372700002400393OSt20220208114056.0210716s2007 xx 000 0 und d a9780070499485 cAIMIT LIBRARY aeng a658.4 21bSAIM aSaiyadain, Mirza S. aOrganisational behaviour /cEdited by Mirza S Saiyadain. a1st ed. aNew Delhi : bTata McGraw Hill Publishing Company Ltd ,c2007. aXv, 307p. ;c24 cm. aOrganisational communication aManaging negotiation aJob satisfaction aSaiyadain, Mirza S.